000
00228 a2200097 4500
001
34129
100
_a
Bose
245
_a
Library information procedure
260
_a
ND
_b
Anmol Publications Pvt Ltd
_c
2001
090
_c
22594
_d
22594
942
_a
NUST-CAE
_c
M
_c
13996
999
_c
269202
_d
269202